000
00228nam a22001097a 4500
008
131127t xxu||||| |||| 00| 0 eng d
020
_a
81-317-1478-0
245
_a
Biochemistry
250
_a
3rd
300
_a
book
942
_2
ddc
_c
BK
999
_c
16554
_d
16554